000 01064nam a22002657a 4500
005 20101206113148.0
008 101206t xxu||||| |||| 00| 0 hin d
010 _aHIN-93298
020 _c160.00
_a9788190706216
035 _aHN-65644
037 _bDBAD/PUB
040 _aDPL
_bHN
082 _a500
100 _924598
_aराय, सुरेश प्रसाद
245 _aसामान्य विज्ञान /
_cसुरेश प्रसाद राय
260 _aदिल्ली
_bकेशरी पब्लिशिंग हाउस
_c2010
270 _bदिल्ली
_aई-49, गणेशनगर कॉम्प्लेक्स, पांडवनगर
_e110092
300 _a278पृ.
_c22सेमी (अजिल्द)
650 _91169
650 _929580
700 _924599
700 _924924
942 _2ddc
_cHN
_mरायसु
_h500
999 _c54104
_d54104